[Event "British Rapidplay"]
[Site "Peterborough"]
[Date "2024.03.03"]
[Round "11"]
[White "Walton, Alan J"]
[Black "Hng, Mei En Emmanuelle"]
[Result "1-0"]
[WhiteElo "2021"]
[BlackElo "2139"]
[PlyCount "69"]
[EventDate "2024.03.02"]
[EventType "swiss (rapid)"]
[EventRounds "11"]
[EventCountry "ENG"]
[SourceTitle "CB10_2024"]
[SourceDate "2024.03.06"]
[SourceVersion "1"]
[SourceVersionDate "2024.03.06"]
[SourceQuality "1"]

1. d4 Nf6 2. Bg5 c5 3. d5 Qb6 4. Nc3 d6 5. e4 Nbd7 6. Rb1 g6 7. Nf3 h6 8. Bf4 Bg7 9. h3 a6 10. Qd2 Qa5 11. a4 Qb4 12. Bd3 c4 13. Be2 Nc5 14. e5 Nh5 15. Bh2 dxe5 16. Nxe5 0-0 17. Bxh5 gxh5 18. 0-0 Nxa4 19. Qe2 Nxc3 20. bxc3 Qxc3 21. Qxh5 b5 22. Nc6 Re8 23. Rbe1 Qxc2 24. d6 Bf5 25. Nxe7+ Rxe7 26. Rxe7 Rf8 27. Be5 Bg6 28. Qf3 Bxe5 29. Rxe5 Qd3 30. Qc6 c3 31. d7 Bf5 32. Rd5 Qc4 33. Qxc4 bxc4 34. d8Q Rxd8 35. Rxd8+ 1-0

[Event "British Rapidplay"]
[Site "Peterborough"]
[Date "2024.03.02"]
[Round "1"]
[White "Walton, Alan J"]
[Black "Keshari, Rohit"]
[Result "1-0"]
[WhiteElo "2021"]
[BlackElo "1647"]
[PlyCount "53"]
[EventDate "2024.03.02"]
[EventType "swiss (rapid)"]
[EventRounds "11"]
[EventCountry "ENG"]
[SourceTitle "CB10_2024"]
[SourceDate "2024.03.06"]
[SourceVersion "1"]
[SourceVersionDate "2024.03.06"]
[SourceQuality "1"]

1. d4 d5 2. c4 e6 3. Nc3 c6 4. e4 dxe4 5. Nxe4 Bb4+ 6. Bd2 Qxd4 7. Bxb4 Qxe4+ 8. Be2 Nd7 9. Nf3 c5 10. Bc3 Ngf6 11. Qd6 Qc6 12. Qg3 0-0 13. Rd1 Nh5 14. Qh4 Nhf6 15. Qg3 Re8 16. Ne5 Ne4 17. Nxc6 Nxg3 18. hxg3 bxc6 19. Bf3 Nb8 20. Ke2 Bb7 21. Be4 f5 22. Bc2 Na6 23. Rd7 e5 24. Rxb7 Nb4 25. Bxb4 cxb4 26. Bxf5 g6 27. Be4 1-0

[Event "BCF-chT 2324 (4NCL)"]
[Site "England"]
[Date "2024.01.13"]
[Round "3.5"]
[White "Moreby, James"]
[Black "Walton, Alan J"]
[Result "1/2-1/2"]
[WhiteElo "2254"]
[BlackElo "2033"]
[PlyCount "82"]
[EventDate "2023.11.11"]
[EventType "team-tourn"]
[EventRounds "11"]
[EventCountry "ENG"]
[SourceTitle "CB11_2024"]
[SourceDate "2024.03.13"]
[SourceVersion "1"]
[SourceVersionDate "2024.03.13"]
[SourceQuality "1"]
[WhiteTeam "The Sharks"]
[BlackTeam "Chessable White Rose II"]
[WhiteTeamCountry "ENG"]
[BlackTeamCountry "ENG"]

1. Nf3 e6 2. b3 d5 3. Bb2 Nf6 4. e3 Bd6 5. d4 b6 6. Bd3 Bb7 7. Nbd2 Qe7 8. a3 Ne4 9. c4 Nd7 10. Qc2 Nxd2 11. Qxd2 0-0 12. cxd5 exd5 13. 0-0 Rfe8 14. Rfc1 a6 15. Qe2 Nf8 16. b4 Qe6 17. a4 Ng6 18. Qd2 Qf6 19. b5 a5 20. Ba3 Nf8 21. Rc2 Rac8 22. Qc1 c5 23. bxc6 Rxc6 24. Bxd6 Rxc2 25. Qxc2 Qxd6 26. Rb1 Rc8 27. Qb2 f6 28. h3 Nd7 29. Bf5 Rc6 30. Qb3 g6 31. Bxd7 Qxd7 32. e4 Rc4 33. Qxb6 dxe4 34. Nh2 Bc6 35. Ng4 Kg7 36. Qxa5 Rxa4 37. Qc5 Rxd4 38. Ne3 Qd6 39. Qa7+ Qd7 40. Qb8 Qd6 41. Qc8 Qd7 1/2-1/2

[Event "Douglas Major & Minor op"]
[Site "Douglas"]
[Date "2023.10.30"]
[Round "3"]
[White "Walton, Alan J"]
[Black "Miah, Zahed"]
[Result "1-0"]
[WhiteElo "2051"]
[BlackElo "1802"]
[PlyCount "85"]
[EventDate "2023.10.28"]
[EventType "swiss"]
[EventRounds "7"]
[EventCountry "IOM"]
[SourceTitle "CB46_2023"]
[SourceDate "2023.11.15"]
[SourceVersion "1"]
[SourceVersionDate "2023.11.15"]
[SourceQuality "1"]

1. d4 Nf6 2. Bg5 d5 3. e3 e6 4. Bd3 c5 5. c3 Nc6 6. Nf3 h6 7. Bh4 Be7 8. Nbd2 cxd4 9. exd4 Qc7 10. Qe2 0-0 11. 0-0 a6 12. Rfe1 b5 13. Ne5 Na5 14. Nf1 Nc4 15. Rac1 Bb7 16. Bb1 Nxe5 17. Bg3 Nfd7 18. dxe5 Rfd8 19. Ne3 Bg5 20. f4 Be7 21. Kh1 Rac8 22. f5 Bg5 23. h4 Bxe3 24. Qxe3 Qc5 25. Qe2 Qc6 26. Rcd1 Nc5 27. f6 g6 28. Rd4 Qe8 29. Bf4 Kh7 30. Qe3 Qf8 31. Red1 h5 32. Qd2 Rc7 33. Qe2 Kh8 34. g4 hxg4 35. Qxg4 Qg8 36. Bh6 Qh7 37. Bg7+ Kg8 38. h5 Qxh5+ 39. Qxh5 gxh5 40. Rg1 Rdc8 41. Rg5 Ne4 42. Bxe4 dxe4 43. Rxh5 1-0

[Event "Newcastle under Lyme"]
[Site "Newcastle under Lyme"]
[Date "2023.08.12"]
[Round "6"]
[White "Walton, Alan J"]
[Black "Lee, Richard WY"]
[Result "1/2-1/2"]
[WhiteElo "2063"]
[BlackElo "2094"]
[PlyCount "27"]
[EventDate "2023.08.09"]
[EventType "tourn"]
[EventRounds "9"]
[EventCountry "ENG"]
[SourceTitle "CBM 215 Extra"]
[Source "ChessBase"]
[SourceDate "2023.09.30"]
[SourceVersion "1"]
[SourceVersionDate "2023.09.30"]
[SourceQuality "1"]

1. d4 d5 2. c4 e6 3. Nc3 Nf6 4. cxd5 exd5 5. Bg5 c6 6. e3 Bf5 7. Bd3 Bxd3 8. Qxd3 Be7 9. Nf3 Nbd7 10. 0-0 0-0 11. Rab1 a5 12. Nd2 Re8 13. Rfc1 Ne4 14. Bxe7 1/2-1/2

[Event "Newcastle under Lyme"]
[Site "Newcastle under Lyme"]
[Date "2023.08.11"]
[Round "5"]
[White "Walton, Alan J"]
[Black "Brown, Thomas"]
[Result "1-0"]
[WhiteElo "2063"]
[BlackElo "2108"]
[PlyCount "63"]
[EventDate "2023.08.09"]
[EventType "tourn"]
[EventRounds "9"]
[EventCountry "ENG"]
[SourceTitle "CBM 215 Extra"]
[Source "ChessBase"]
[SourceDate "2023.09.30"]
[SourceVersion "1"]
[SourceVersionDate "2023.09.30"]
[SourceQuality "1"]

1. d4 g6 2. e4 Bg7 3. Nc3 c6 4. Nf3 d6 5. h3 Nf6 6. Be3 0-0 7. Qd2 b5 8. Bd3 Nbd7 9. 0-0 a6 10. e5 Nd5 11. Nxd5 cxd5 12. exd6 e5 13. dxe5 Nxe5 14. Nxe5 Bxe5 15. c3 Qxd6 16. Be2 Be6 17. Bf3 Rfd8 18. Rfd1 Rab8 19. Bd4 b4 20. Bxe5 Qxe5 21. cxb4 d4 22. a3 d3 23. Rac1 Bb3 24. Re1 Qd4 25. Rc3 Bc2 26. Bd1 a5 27. Bxc2 dxc2 28. Re8+ Rxe8 29. Qxd4 Re1+ 30. Kh2 c1Q 31. Rxc1 Rxc1 32. bxa5 1-0

[Event "BCF-chT 2223 (4NCL)"]
[Site "England"]
[Date "2023.02.12"]
[Round "6.3"]
[White "Walton, Alan J"]
[Black "Moreby, James"]
[Result "0-1"]
[WhiteElo "2089"]
[BlackElo "2346"]
[PlyCount "64"]
[EventDate "2022.10.22"]
[EventType "team-swiss"]
[EventRounds "11"]
[EventCountry "ENG"]
[SourceTitle "CBM 213 Extra"]
[Source "ChessBase"]
[SourceDate "2023.05.31"]
[SourceVersion "1"]
[SourceVersionDate "2023.05.31"]
[SourceQuality "1"]
[WhiteTeam "Chessable White Rose II"]
[BlackTeam "The Sharks"]
[WhiteTeamCountry "ENG"]
[BlackTeamCountry "ENG"]

1. d4 d5 2. c4 e6 3. Nc3 c6 4. e4 dxe4 5. Nxe4 Bb4+ 6. Bd2 Qxd4 7. Bxb4 Qxe4+ 8. Be2 Na6 9. Bf8 Qxg2 10. Qd6 Bd7 11. 0-0-0 0-0-0 12. Qd4 e5 13. Qd2 Nf6 14. Bf3 Qg6 15. Be7 e4 16. Bxd8 Rxd8 17. Be2 Qg2 18. c5 Nc7 19. Qa5 Kb8 20. Qc3 Qxf2 21. Qg3 Qxg3 22. hxg3 Ne6 23. Nh3 h6 24. b4 Nd5 25. a3 Nc3 26. Rde1 Nd4 27. Bc4 Bxh3 28. Rxh3 f5 29. Kb2 Nf3 30. Rc1 Nd1+ 31. Ka1 Ne3 32. Be6 Ng5 0-1

[Event "BCF-chT 2122 (4NCL)"]
[Site "England"]
[Date "2022.06.25"]
[Round "10.25"]
[White "McPhillips, Joseph"]
[Black "Walton, Alan J"]
[Result "1-0"]
[WhiteElo "2413"]
[BlackElo "2116"]
[PlyCount "61"]
[EventDate "2021.11.27"]
[EventType "team-swiss"]
[EventRounds "11"]
[EventCountry "ENG"]
[SourceTitle "EXT 2023"]
[Source "ChessBase"]
[SourceDate "2022.10.05"]
[SourceVersion "1"]
[SourceVersionDate "2022.10.05"]
[SourceQuality "1"]
[WhiteTeam "Wood Green"]
[BlackTeam "Chessable White Rose II"]
[WhiteTeamCountry "ENG"]
[BlackTeamCountry "ENG"]

1. e4 e6 2. d4 d5 3. Nd2 Nf6 4. e5 Nfd7 5. f4 c5 6. c3 Nc6 7. Ndf3 cxd4 8. cxd4 Qb6 9. a3 Be7 10. Ne2 0-0 11. g3 f6 12. Bg2 a6 13. exf6 Nxf6 14. 0-0 Bd7 15. Kh1 Rac8 16. Nc3 Na5 17. Ra2 Qb3 18. Qxb3 Nxb3 19. Be3 Bd6 20. Bg1 Rfe8 21. Re1 Kf8 22. Ng5 h6 23. Nf3 Bb8 24. a4 Bd6 25. Ne5 Bxe5 26. dxe5 Ng8 27. Ra3 Na5 28. f5 exf5 29. Nxd5 Nc4 30. Rc3 Nxe5 31. Nc7 1-0

[Event "English Online Blitz Gp1"]
[Site "Chess.com INT"]
[Date "2020.05.09"]
[Round "9"]
[White "Walton, Alan J"]
[Black "Reimanis, Ritvars"]
[Result "0-1"]
[WhiteElo "2120"]
[BlackElo "2421"]
[PlyCount "72"]
[EventDate "2020.05.09"]
[EventType "swiss (blitz)"]
[EventRounds "11"]
[EventCountry "ENG"]
[SourceTitle "CBM 196 Extra"]
[Source "ChessBase"]
[SourceDate "2020.07.31"]
[SourceVersion "1"]
[SourceVersionDate "2020.07.31"]
[SourceQuality "1"]

1. d4 Nf6 2. Bg5 e6 3. e4 h6 4. Bxf6 Qxf6 5. Nc3 d6 6. Bc4 Qg6 7. Qf3 Be7 8. Nge2 e5 9. Nd5 Bd8 10. dxe5 dxe5 11. 0-0-0 0-0 12. h3 b5 13. Bd3 c6 14. Ne3 Nd7 15. Nf5 Nc5 16. Neg3 Qg5+ 17. Kb1 Qf4 18. Qe2 g6 19. Ne3 Be6 20. Ngf1 Nxe4 21. Bxe4 Qxe4 22. Nd2 Qa4 23. b3 Qa3 24. Qf3 Ba5 25. Ne4 f5 26. Qg3 Kh7 27. Rd6 Rae8 28. Qh4 fxe4 29. Nd1 Qxd6 30. Qxe4 Bf5 31. Qe2 Qd2 32. Qxd2 Bxd2 33. Nb2 Bc3 34. Nd1 Bd4 35. f3 e4 36. g4 Bc8 0-1